000
00317nam a22001217a 4500
008
180314b xxu||||| |||| 00| 0 eng d
041
_a
eng
080
_a
7
100
_a
44
101
_a
ART
245
_a
From delacroix to cezanne french watercolor landscapes of the nineteenth century
_c
Speed,J.B
942
_2
udc
_c
BK
999
_c
45052
_d
45052